OECD economic outlook 89 may 2011

Saved in:
Bibliographic Details
Format: Book
Language:English
Published: Paris OECD 2011
Series:OECD economic outlook
Subjects:
Tags: Add Tag
No Tags, Be the first to tag this record!

MARC

LEADER 00000nam a2200000 4500
001 0145365
005 20240315121012.5
020 |a 978-92-64-06347-1 
041 0 |a eng 
044 |a FR 
245 1 0 |a OECD economic outlook 89  |b may 2011 
264 1 |a Paris  |b OECD  |c 2011 
300 |a 405 s. 
490 1 |a OECD economic outlook 
830 0 |a OECD economic outlook 
610 2 0 |a makroekonomika 
610 2 0 |a nezamestnanosť 
610 2 0 |a porovnanie medzinárodné 
610 2 0 |a situácia hospodárska 
610 2 0 |a trh práce 
610 2 0 |a údaje štatistické medzinárodné 
610 2 0 |a financie verejné 
610 2 0 |a dane 
610 2 0 |a inflácia 
610 2 0 |a kríza 
610 2 0 |a politika finančná 
610 2 0 |a politika menová